<?xml version="1.0" encoding="UTF-8"?>
<collection xmlns="http://www.loc.gov/MARC21/slim">
 <record>
  <leader>02499nam a22003735a 4500</leader>
  <controlfield tag="001">CEM.cems004931</controlfield>
  <controlfield tag="005">20090505114157.0</controlfield>
  <controlfield tag="008">130507s1989##################000#0#####d</controlfield>
  <controlfield tag="003">CEMS</controlfield>
  <datafield tag="020" ind1=" " ind2=" ">
   <subfield code="a">950460191X</subfield>
  </datafield>
  <datafield tag="082" ind1="0" ind2="4">
   <subfield code="a">914</subfield>
  </datafield>
  <datafield tag="100" ind1="1" ind2=" ">
   <subfield code="a">Pavicich, Mónica Beatríz</subfield>
  </datafield>
  <datafield tag="245" ind1="1" ind2="0">
   <subfield code="a">Geografía 2 /</subfield>
   <subfield code="c">Mónica Beatriz Luisa Pavicich ... [et Al.]</subfield>
  </datafield>
  <datafield tag="260" ind1=" " ind2=" ">
   <subfield code="a">Buenos Aires :</subfield>
   <subfield code="b">Santillana,</subfield>
   <subfield code="c">1989</subfield>
  </datafield>
  <datafield tag="300" ind1=" " ind2=" ">
   <subfield code="a">240 p.</subfield>
  </datafield>
  <datafield tag="505" ind1="0" ind2=" ">
   <subfield code="a">Europa en el mundo -- El cambiante mapa político europeo -- El relieve de Europa -- Mares y costas de Europa -- Climas y biomas de Europa -- Los bosques europeos -- Ríos y lagos de Europa -- El Mediterráneo -- La población europea -- El paisaje urbano europeo -- Sevilla -- París -- La economía de Europa -- La europa agrícola -- Europa. potencia industrial -- El sector terciario en Europa -- Los inmigrantes europeos en argentina -- Europa entre dos guerras -- Los países de Europa mediterránea -- Los Los países de Europa atlántica y alpina  -- Los países de europa nórdica -- La confederación de estados independientes -- Los países de Europa del este -- Oceanía: un continente fragmentado en la inmensidad del Pacífico -- La compleja división política de Oceanía -- El aspecto físico de Oceanía -- Oceanía. un continente escasamente poblado -- Cultura y sociedad en el Pacífico Sur -- La economía de Oceanía -- Dos países de Oceanía: Australia y Nueva Zelanda</subfield>
  </datafield>
  <datafield tag="653" ind1=" " ind2=" ">
   <subfield code="a">Geografía</subfield>
  </datafield>
  <datafield tag="653" ind1=" " ind2=" ">
   <subfield code="a">Geografía de europa</subfield>
  </datafield>
  <datafield tag="653" ind1=" " ind2=" ">
   <subfield code="a">Geografía de oceanía</subfield>
  </datafield>
  <datafield tag="700" ind1="1" ind2=" ">
   <subfield code="a">Aráoz, Luis Fernando</subfield>
  </datafield>
  <datafield tag="700" ind1="1" ind2=" ">
   <subfield code="a">Galante, Andrea Silvina</subfield>
  </datafield>
  <datafield tag="700" ind1="1" ind2=" ">
   <subfield code="a">Sassone, Susana María</subfield>
  </datafield>
  <datafield tag="859" ind1=" " ind2=" ">
   <subfield code="a">CEMS</subfield>
   <subfield code="b">BIB. CEMS - 11 de abril</subfield>
   <subfield code="h">914</subfield>
   <subfield code="i">P288</subfield>
   <subfield code="p">15369.89</subfield>
   <subfield code="t">Ej.1</subfield>
  </datafield>
  <datafield tag="859" ind1=" " ind2=" ">
   <subfield code="a">CEMS</subfield>
   <subfield code="b">BIB. CEMS - 11 de abril</subfield>
   <subfield code="h">914</subfield>
   <subfield code="i">P288</subfield>
   <subfield code="p">15619.89</subfield>
   <subfield code="t">Ej.2</subfield>
  </datafield>
  <datafield tag="859" ind1=" " ind2=" ">
   <subfield code="a">CEMS</subfield>
   <subfield code="b">BIB. CEMS - 11 de abril</subfield>
   <subfield code="h">914</subfield>
   <subfield code="i">P288</subfield>
   <subfield code="p">15620.89</subfield>
   <subfield code="t">Ej.3</subfield>
  </datafield>
  <datafield tag="859" ind1=" " ind2=" ">
   <subfield code="a">CEMS</subfield>
   <subfield code="b">BIB. CEMS - 11 de abril</subfield>
   <subfield code="h">914</subfield>
   <subfield code="i">P288</subfield>
   <subfield code="p">15621.89</subfield>
   <subfield code="t">Ej.4</subfield>
  </datafield>
  <datafield tag="859" ind1=" " ind2=" ">
   <subfield code="a">CEMS</subfield>
   <subfield code="b">BIB. CEMS - 11 de abril</subfield>
   <subfield code="h">914</subfield>
   <subfield code="i">P288</subfield>
   <subfield code="p">15622.89</subfield>
   <subfield code="t">Ej.5</subfield>
  </datafield>
  <datafield tag="859" ind1=" " ind2=" ">
   <subfield code="a">CEMS</subfield>
   <subfield code="b">BIB. CEMS - 11 de abril</subfield>
   <subfield code="h">914</subfield>
   <subfield code="i">P288</subfield>
   <subfield code="p">15624.89</subfield>
   <subfield code="t">Ej.6</subfield>
  </datafield>
  <datafield tag="859" ind1=" " ind2=" ">
   <subfield code="a">CEMS</subfield>
   <subfield code="b">BIB. CEMS - 11 de abril</subfield>
   <subfield code="h">914</subfield>
   <subfield code="i">P288</subfield>
   <subfield code="p">15625.89</subfield>
   <subfield code="t">Ej.7</subfield>
  </datafield>
  <datafield tag="859" ind1=" " ind2=" ">
   <subfield code="a">CEMS</subfield>
   <subfield code="b">BIB. CEMS - 11 de abril</subfield>
   <subfield code="h">914</subfield>
   <subfield code="i">P288</subfield>
   <subfield code="p">15793.90</subfield>
   <subfield code="t">Ej.8</subfield>
  </datafield>
  <datafield tag="859" ind1=" " ind2=" ">
   <subfield code="a">CEMS</subfield>
   <subfield code="b">BIB. CEMS - 11 de abril</subfield>
   <subfield code="h">914</subfield>
   <subfield code="i">P288</subfield>
   <subfield code="p">15794.90</subfield>
   <subfield code="t">Ej.9</subfield>
  </datafield>
  <datafield tag="859" ind1=" " ind2=" ">
   <subfield code="a">CEMS</subfield>
   <subfield code="b">BIB. CEMS - 11 de abril</subfield>
   <subfield code="h">914</subfield>
   <subfield code="i">P288</subfield>
   <subfield code="p">15795.90</subfield>
   <subfield code="t">Ej.10</subfield>
  </datafield>
  <datafield tag="859" ind1=" " ind2=" ">
   <subfield code="a">CEMS</subfield>
   <subfield code="b">BIB. CEMS - 11 de abril</subfield>
   <subfield code="h">914</subfield>
   <subfield code="i">P288</subfield>
   <subfield code="p">15796.90</subfield>
   <subfield code="t">Ej.11</subfield>
  </datafield>
  <datafield tag="859" ind1=" " ind2=" ">
   <subfield code="a">CEMS</subfield>
   <subfield code="b">BIB. CEMS - 11 de abril</subfield>
   <subfield code="h">914</subfield>
   <subfield code="i">P288</subfield>
   <subfield code="p">15798.90</subfield>
   <subfield code="t">Ej.12</subfield>
  </datafield>
 </record>
</collection>
